Biggest World Cities That End in A - Statistics

General Stats
  • This quiz has been taken 2,201 times
  • The average score is 17 of 20
Answer Stats
Country Population City % Correct
Indonesia 30.9 mil Jakarta
98%
Philippines 25.2 mil Manila
98%
Peru 9.90 mil Lima
96%
Turkey 4.97 mil Ankara
95%
Spain 4.72 mil Barcelona
95%
Colombia 9.80 mil Bogota
95%
Egypt 5.70 mil Alexandria
93%
Bangladesh 19.5 mil Dhaka
93%
Japan 17.7 mil Osaka
93%
Morocco 4.42 mil Casablanca
90%
D.R. Congo 12.0 mil Kinshasa
90%
Ghana 4.95 mil Accra
87%
India 16.6 mil Kolkata
84%
Angola 7.90 mil Luanda
83%
Mexico 5.25 mil Guadalajara
82%
United States 5.80 mil Atlanta
81%
United States 7.35 mil Philadelphia
76%
Japan 10.5 mil Nagoya
69%
Indonesia 6.00 mil Surabaya
56%
China 4.75 mil Changsha
28%
No matching quizzes found
Score Distribution
Percent of People with Each Score
Percentile by Number Answered
Your Score History
You have not taken this quiz